00379nam a22001457a 4500003000600000005001700006008004100023040000800064082001500072100001800087245004300105260005400148300002000202650001100222GBCCL20241126110541.0180316b ||||| |||| 00| 0 eng d cgbc a262.2bHAR aHarlow, R. E. aThe Church of the Book /cR. E. Harlow aCanada:bChristian Publications Registered,c1968 a133 p.;c22 cm. aChurch